|
|
|
|
| LEADER |
00000cam a2200000 a 4500 |
| 001 |
vtls001128184 |
| 003 |
SK-MaSNL |
| 005 |
20260301233410.0 |
| 008 |
250414s1990 xr ao n 00100 cze |
| 020 |
|
|
|a 8020501541
|q (viaz.)
|
| 035 |
|
|
|a SNK000071034
|
| 040 |
|
|
|a SNK
|b slo
|c SNK
|e AACR2
|
| 041 |
0 |
|
|a cze
|
| 044 |
|
|
|a xr
|c CZ
|
| 080 |
|
|
|a 591.9(6)
|2 1981
|
| 100 |
1 |
|
|a Vágner, Josef,
|d 1928-2000
|4 aut
|4 pht
|9 255929
|
| 245 |
1 |
0 |
|a Afrika
|b ráj a peklo zvířat : (od Atlasu na jih)
|c Josef Vágner ; 157 fotografií Josefa Vágnera ; 30 barevných kreseb Milana Hůrky, 136 kreseb Evy Haškové
|
| 250 |
|
|
|a 2. vyd.
|
| 260 |
|
|
|a Praha
|b Svoboda
|c 1990
|
| 300 |
|
|
|a 221, [2] s., [144] s. fareb. fot. príl., ilustr., mapy
|c 30 cm
|
| 366 |
|
|
|e 74000 výtl.
|
| 490 |
1 |
|
|a Členská knižnice
|
| 504 |
|
|
|a Obsahuje bibliografiu a register
|
| 650 |
0 |
7 |
|a zvieratá
|2 SNKPH
|9 1091
|
| 650 |
0 |
7 |
|a zoogeografia
|2 SNKPH
|9 748
|
| 651 |
|
7 |
|a Afrika severná
|2 SNKPHgeo
|9 165439
|
| 655 |
|
7 |
|a populárno-náučné publikácie
|2 SNKPH
|9 70460
|
| 700 |
1 |
|
|a Hůrka, Milan,
|d 1942-2015
|4 ill
|9 627984
|
| 700 |
1 |
|
|a Hašková, Eva,
|d 1946-
|4 ill
|9 97926
|
| 830 |
|
0 |
|a Členská knižnice
|9 286755
|
| 852 |
|
|
|a Slovenská národná knižnica
|
| 919 |
|
|
|a 80-205-0154-1
|
| 954 |
|
|
|a odborná, vedecká literatúra cudzojazyčná (svetová)
|2 lita
|
| 958 |
|
|
|a OND
|
| 999 |
|
|
|c 966008
|d 967938
|
| 952 |
|
|
|t P60, <04>, [BOOK], {604}
|a SNK
|b SNK
|y VYP
|7 0
|p 17A0032351
|o snkIB 66087
|0 0
|1 0
|4 0
|d 1997-01-20
|l 0
|r 2005-01-01 00:00:00
|w 2026-02-24
|
| 952 |
|
|
|t P60, <04>, [BOOK], {604}
|a SNK
|b SNK
|y VYP
|7 0
|p 17A0064141
|o snkIB 66087 D1
|0 0
|1 1
|4 0
|d 1997-04-30
|l 0
|r 2005-01-01 00:00:00
|w 2026-02-24
|